[Event "Open BDR Salon"]
[Site "?"]
[Date "2005.01.15"]
[Round "3"]
[White "Frailinu, Jean-Bernard"]
[Black "Nerino, Nicolas"]
[Result "1/2-1/2"]
[WhiteElo "1490"]
[BlackElo "1340"]
[PlyCount "92"]
[EventDate "2005.04.02"]
[SourceDate "2005.04.02"]

1. c4 d6 2. d4 g6 3. Nc3 Bg7 4. Nf3 c6 5. Bf4 Nf6 6. h3 O-O 7. e4 Nbd7 8. Be2
c5 9. O-O Qb6 10. Na4 Qd8 11. e5 dxe5 12. dxe5 Ne8 13. Re1 Nc7 14. Qd2 b6 15.
Nc3 Ne6 16. Bh2 Bb7 17. Rad1 Bc6 18. a3 Qc7 19. Nd5 Bxd5 20. Qxd5 Rad8 21. Qe4
Qc8 22. Rd3 Nb8 23. Red1 Rxd3 24. Rxd3 Rd8 25. Rd5 Nd7 26. g4 Qc6 27. Qd3 Qc8
28. Bg3 Bh6 29. Bh4 Nf4 30. Qe4 Nxd5 31. cxd5 Re8 32. e6 Nf6 33. Qe5 Bg7 34.
exf7+ Kxf7 35. Ng5+ Kg8 36. Bb5 Rf8 37. Qxe7 Nxd5 38. Bc4 Qc6 39. Qe6+ Qxe6 40.
Nxe6 Nf6 41. Nxf8+ Kxf8 42. b3 Ne4 43. Kg2 g5 44. f3 gxh4 45. fxe4 h6 46. Kf3
Be5 1/2-1/2

[Event "Open BDR Salon"]
[Site "?"]
[Date "2005.01.15"]
[Round "3"]
[White "Misene, Milan"]
[Black "Brunie, Luce"]
[Result "0-1"]
[WhiteElo "1499"]
[BlackElo "1340"]
[PlyCount "78"]
[EventDate "2005.04.02"]
[SourceDate "2005.04.02"]

1. e4 e6 2. d4 d5 3. e5 c5 4. c3 Nc6 5. Nf3 Qb6 6. b3 cxd4 7. cxd4 Bb4+ 8. Bd2
Nge7 9. Bxb4 Qxb4+ 10. Qd2 Qb6 11. Be2 Nf5 12. O-O O-O 13. Rd1 Nfxd4 14. Nxd4
Nxe5 15. Nc3 Bd7 16. Rac1 Nc6 17. Na4 Qd8 18. Nc5 Rb8 19. Qc3 Nxd4 20. Rxd4 Bc6
21. Qh3 Qg5 22. Rcd1 e5 23. Rg4 Qe7 24. Rh4 h6 25. Qg3 Qg5 26. Rg4 Qf6 27. Rd3
e4 28. Nxe4 dxe4 29. Rd6 Qa1+ 30. Bf1 Rbd8 31. Rxg7+ Qxg7 32. Rxd8 Rxd8 33. Qe3
a6 34. h3 Kf8 35. Bc4 Rd1+ 36. Kh2 h5 37. a4 h4 38. Qc5+ Ke8 39. Qe3 Qe5+ 0-1

[Event "Open BDR Salon"]
[Site "?"]
[Date "2005.01.15"]
[Round "3"]
[White "Santana, Paul"]
[Black "Pierobon, Jonathan"]
[Result "0-1"]
[WhiteElo "1499"]
[BlackElo "1199"]
[PlyCount "70"]
[EventDate "2005.04.02"]
[SourceDate "2005.04.02"]

1. d4 d5 2. Nf3 g6 3. Nc3 e6 4. Bg5 Be7 5. Bxe7 Nxe7 6. e3 Bd7 7. Bb5 Bxb5 8.
Nxb5 c6 9. Nc3 Nd7 10. O-O Nb6 11. b3 a5 12. Ne5 Nd7 13. a4 Nxe5 14. dxe5 O-O
15. f3 Nf5 16. Qe2 Qb6 17. Nd1 f6 18. exf6 Rxf6 19. Kh1 Raf8 20. e4 dxe4 21.
Qxe4 Nd6 22. Qd3 Nf5 23. Re1 Qd4 24. Re3 Qxa1 25. Re1 Qd4 26. g4 Qxd3 27. cxd3
Nh4 28. d4 Nxf3 29. Re4 Nd2 30. Re3 Rf1+ 31. Kg2 Rxd1 32. Rxe6 Nxb3 33. h4 Nxd4
34. Rd6 Rd2+ 35. Kg3 Rf3# 0-1

[Event "Open BDR Salon"]
[Site "?"]
[Date "2005.01.15"]
[Round "3"]
[White "Barabe, Etienne"]
[Black "Guillaume, Jean-Tristan"]
[Result "0-1"]
[WhiteElo "1199"]
[BlackElo "1199"]
[PlyCount "106"]
[EventDate "2005.04.02"]
[SourceDate "2005.04.02"]

1. e4 e6 2. f4 d5 3. e5 f6 4. d4 c5 5. Bb5+ Bd7 6. Bxd7+ Qxd7 7. c3 fxe5 8.
fxe5 cxd4 9. cxd4 Bb4+ 10. Bd2 Bxd2+ 11. Qxd2 Nc6 12. Nf3 Nge7 13. O-O O-O 14.
a3 Rf7 15. Nc3 a6 16. Rab1 b5 17. b4 Raf8 18. Qd3 h6 19. a4 Na7 20. Ra1 Qb7 21.
Rab1 Nec8 22. a5 Ne7 23. g4 Rf4 24. g5 hxg5 25. Nxg5 Rg4+ 26. Kh1 Rxf1+ 27.
Rxf1 Rxg5 28. Qf3 Rf5 29. Qh3 Rxf1+ 30. Qxf1 Nf5 31. Ne2 Qf7 32. Qc1 Ne7 33.
Qc7 Nec6 34. Qd6 Qe7 35. Qxe7 Nxe7 36. Nf4 Kf7 37. h4 Ng6 38. Ng2 Nc6 39. h5
Nf8 40. Kg1 Nxd4 41. Ne1 Nf5 42. Kg2 g6 43. hxg6+ Nxg6 44. Nd3 Nfe7 45. Kf3 Nc6
46. Ke3 Ngxe5 47. Nc5 Nxb4 48. Kd4 Nec6+ 49. Kc3 d4+ 50. Kd2 Nxa5 51. Nd7 Nc4+
52. Kc1 d3 53. Ne5+ Nxe5 0-1

[Event "Open BDR Salon"]
[Site "?"]
[Date "2005.01.15"]
[Round "3"]
[White "Nari, Damien"]
[Black "Bizien, Matthieu"]
[Result "0-1"]
[WhiteElo "1650"]
[BlackElo "1833"]
[PlyCount "22"]
[EventDate "2005.04.02"]
[SourceDate "2005.04.02"]

1. e4 c5 2. Nf3 e6 3. d4 cxd4 4. Nxd4 Nf6 5. Nc3 Bb4 6. Bg5 Bxc3+ 7. bxc3 Qa5
8. Bd2 Nxe4 9. Qf3 d5 10. Nb3 Qc7 11. O-O-O 11... Bd7 {erreur de notation...}
0-1

[Event "Open BDR Salon"]
[Site "?"]
[Date "2005.01.29"]
[Round "4"]
[White "Navarro, Bertrand"]
[Black "Nari, Damien"]
[Result "1-0"]
[WhiteElo "1499"]
[BlackElo "1650"]
[PlyCount "79"]
[EventDate "2005.04.02"]
[SourceDate "2005.04.02"]

1. c4 c5 2. g3 g6 3. Bg2 Bg7 4. Nc3 d6 5. d3 Nc6 6. e4 Bd7 7. Nge2 Nf6 8. h3 a6
9. O-O Na7 10. f4 Ng8 11. f5 gxf5 12. exf5 Rb8 13. Rb1 b5 14. b3 Nc6 15. Bb2
Nd4 16. Nxd4 Bxd4+ 17. Kh2 bxc4 18. dxc4 a5 19. Nd5 Bxb2 20. Rxb2 e6 21. fxe6
Bxe6 22. Re2 Kd7 23. Nf4 Nf6 24. Nxe6 fxe6 25. Rfe1 Re8 26. Qc2 e5 27. g4 Qe7
28. Qd2 e4 29. Bxe4 Nxg4+ 30. hxg4 Qh4+ 31. Kg1 Qxg4+ 32. Rg2 Qh4 33. Bf5+ Kc6
34. Qd5+ Kb6 35. Qxd6+ Ka7 36. Qxc5+ Ka6 37. Qc6+ Rb6 38. Qxe8 Qd4+ 39. Qe3 Qh4
40. Bc8+ 1-0

[Event "Open BDR Salon"]
[Site "?"]
[Date "2005.01.29"]
[Round "4"]
[White "Piat, Jean-Pascal"]
[Black "Terrien, Claude"]
[Result "1-0"]
[WhiteElo "1900"]
[BlackElo "1650"]
[PlyCount "49"]
[EventDate "2005.04.02"]
[SourceDate "2005.04.02"]

1. d4 d5 2. e4 dxe4 3. Nc3 Nf6 4. Bg5 c6 5. f3 Bf5 6. Bxf6 exf6 7. fxe4 Bg6 8.
a3 Bd6 9. Qd2 O-O 10. O-O-O Qc7 11. g3 Nd7 12. Nh3 b5 13. d5 Ne5 14. dxc6 Nc4
15. Bxc4 bxc4 16. Qxd6 Qb6 17. c7 Bh5 18. Qxb6 axb6 19. Rd4 Bg4 20. Nf4 Rfe8
21. h3 Be6 22. Nxe6 fxe6 23. Rhd1 Kf7 24. Rd7+ Kf8 25. Rd8 1-0

[Event "Open BDR Salon"]
[Site "?"]
[Date "2005.01.29"]
[Round "4"]
[White "Paolillo, Jeremy"]
[Black "Frailinu, Jean-Bernard"]
[Result "0-1"]
[WhiteElo "1199"]
[BlackElo "1490"]
[PlyCount "108"]
[EventDate "2005.04.02"]
[SourceDate "2005.04.02"]

1. d4 d5 2. e3 c6 3. Nf3 Bg4 4. Nc3 e6 5. Be2 Nf6 6. a3 Bd6 7. Nd2 Bf5 8. Bf3
O-O 9. e4 dxe4 10. Ncxe4 Be7 11. Nxf6+ Bxf6 12. c3 Nd7 13. Be4 Re8 14. O-O g6
15. Re1 Bg7 16. Bxf5 exf5 17. Nf3 h6 18. Bd2 c5 19. dxc5 Nxc5 20. Rxe8+ Qxe8
21. Qe1 Qb5 22. Qc1 Nb3 23. a4 Qc4 24. Qb1 Nxa1 25. Qxa1 Re8 26. g3 g5 27. h3
Re2 28. Qd1 Qe4 29. Kf1 Rxd2 30. Nxd2 Qh1+ 31. Ke2 Qxh3 32. Nf3 Qg4 33. Ke1
Qe4+ 34. Kf1 g4 35. Nd2 Qd3+ 36. Kg2 Bf8 37. Qe1 Bd6 38. Nf1 f4 39. Kh2 fxg3+
40. fxg3 Qc2+ 41. Qd2 Qxd2+ 42. Nxd2 f6 43. Ne4 Be7 44. Kg2 Kf7 45. b3 Ke6 46.
Kf2 f5 47. Nd2 Bd6 48. Nf1 f4 49. gxf4 Bxf4 50. b4 Be5 51. c4 h5 52. c5 h4 53.
b5 Bd4+ 54. Kg2 Bxc5 0-1

[Event "Open BDR Salon"]
[Site "?"]
[Date "2005.01.29"]
[Round "4"]
[White "Pierobon, Jonathan"]
[Black "Dufresne, Ali"]
[Result "1-0"]
[WhiteElo "1199"]
[BlackElo "1499"]
[PlyCount "61"]
[EventDate "2005.04.02"]
[SourceDate "2005.04.02"]

1. e4 e5 2. Nc3 Nf6 3. d3 h6 4. Be2 Nc6 5. Nf3 Bc5 6. O-O d6 7. b3 Bd4 8. Nxd4
exd4 9. Nb1 O-O 10. c3 dxc3 11. Nxc3 Be6 12. f4 d5 13. f5 Bd7 14. Rf3 Nd4 15.
Rg3 c6 16. Bxh6 Qb6 17. Kf1 c5 18. Rxg7+ Kh8 19. Rg3 Rg8 20. Bf4 Rxg3 21. Bxg3
Rg8 22. Be5 Kh7 23. Bxd4 cxd4 24. Nxd5 Nxd5 25. exd5 Bxf5 26. Qe1 Qh6 27. Qf2
Qxh2 28. Qxf5+ Kh6 29. Qf6+ Rg6 30. Qh8+ Kg5 31. Qxh2 1-0

[Event "Open BDR Salon"]
[Site "?"]
[Date "2005.01.29"]
[Round "4"]
[White "Nerino, Nicolas"]
[Black "Dufresne, Said"]
[Result "1-0"]
[WhiteElo "1360"]
[BlackElo "1499"]
[PlyCount "45"]
[EventDate "2005.04.02"]
[SourceDate "2005.04.02"]

1. e4 e5 2. Nc3 Nf6 3. f4 exf4 4. e5 Ng8 5. Nf3 f6 6. d4 fxe5 7. dxe5 g5 8. Bc4
c6 9. b3 Qe7 10. Qe2 h6 11. Bb2 d5 12. exd6 Qxe2+ 13. Nxe2 Rh7 14. Bxg8 Rd7 15.
O-O-O Bg7 16. Ba3 Na6 17. Rhe1 Kf8 18. Be6 b5 19. Bxd7 Bxd7 20. Bb2 Nb4 21.
Bxg7+ Kxg7 22. Nc3 Kf8 23. Ne5 1-0

[Event "Open BDR Salon"]
[Site "?"]
[Date "2005.01.29"]
[Round "4"]
[White "Guyard, Gerard"]
[Black "Misene, Milan"]
[Result "0-1"]
[WhiteElo "1340"]
[BlackElo "1499"]
[PlyCount "70"]
[EventDate "2005.04.02"]
[SourceDate "2005.04.02"]

1. d4 Nf6 2. c4 g6 3. Nc3 Bg7 4. Bg5 O-O 5. Nf3 d6 6. e3 c6 7. Be2 Nbd7 8. O-O
e5 9. Ne4 Qc7 10. Nc3 e4 11. Nd2 Re8 12. f3 exf3 13. Bxf3 Nf8 14. Nde4 Nxe4 15.
Nxe4 Rxe4 16. Bxe4 Ne6 17. Bf6 Bxf6 18. Rxf6 Qe7 19. Qf3 Ng5 20. Qf4 Nxe4 21.
Rf1 Nxf6 22. Qxf6 Qxf6 23. Rxf6 Be6 24. d5 cxd5 25. cxd5 Kg7 26. Rf4 Bxd5 27.
a3 Rc8 28. b4 Rc1+ 29. Kf2 Ra1 30. Rd4 Ra2+ 31. Kg3 Rxg2+ 32. Kh3 Bc6 33. Rxd6
Rg1 34. Rd4 g5 35. e4 Bb5 0-1

[Event "Open BDR Salon"]
[Site "?"]
[Date "2005.01.29"]
[Round "4"]
[White "Santana, Eric"]
[Black "Santana, Paul"]
[Result "0-1"]
[WhiteElo "1499"]
[BlackElo "1499"]
[PlyCount "86"]
[EventDate "2005.04.02"]
[SourceDate "2005.04.02"]

1. e4 d5 2. exd5 Qxd5 3. Nc3 Qe5+ 4. Be2 Nf6 5. Nf3 Qf4 6. d4 Qg4 7. Rg1 Qf5 8.
Kf1 Nc6 9. Bd3 Qd7 10. Be3 e6 11. Ne5 Nxe5 12. dxe5 Nd5 13. Qe1 Bb4 14. a3 Ba5
15. b4 Bb6 16. Bxb6 axb6 17. Nxd5 Qxd5 18. Rd1 Qd8 19. Be4 Qe7 20. Rd3 O-O 21.
Qd1 Ra7 22. Qh5 h6 23. Qe2 Rd8 24. Rf3 Qg5 25. c3 Qc1+ 26. Qe1 Rd1 27. Ke2
Rxe1+ 28. Rxe1 Qc2+ 29. Bxc2 f5 30. exf6 gxf6 31. Rd1 Ra8 32. c4 c5 33. Rg3+
Kf7 34. Bg6+ Ke7 35. Rdd3 Bd7 36. Rde3 b5 37. cxb5 Bxb5+ 38. Ke1 Rd8 39. f4 Ba4
40. f5 Rd1+ 41. Kf2 Rd2+ 42. Kf3 Bd1+ 43. Ke4 Rd4# 0-1

[Event "Open BDR Salon"]
[Site "?"]
[Date "2005.01.29"]
[Round "4"]
[White "Blondelon, Claude"]
[Black "Chazeau, Laineur-Lothaire"]
[Result "1-0"]
[WhiteElo "1420"]
[BlackElo "1560"]
[PlyCount "124"]
[EventDate "2005.04.02"]
[SourceDate "2005.04.02"]

1. d4 d5 2. c4 c6 3. Nc3 Nf6 4. e3 e6 5. Bd2 Bd6 6. Be2 O-O 7. cxd5 exd5 8. Nf3
Bf5 9. Ne5 Nbd7 10. f4 Ne4 11. Nxe4 Bxe4 12. O-O f6 13. Nd3 Qe7 14. Be1 Nb6 15.
Nf2 Bf5 16. Bd2 Rfe8 17. Re1 Qd7 18. b3 Re7 19. Bh5 g6 20. Bf3 Rae8 21. Ng4 Kg7
22. Nf2 Bc7 23. Bg4 Bxg4 24. Nxg4 h5 25. Nf2 Nc8 26. Qf3 Nd6 27. Nd1 Ne4 28.
Bb4 Bd6 29. Bxd6 Qxd6 30. Re2 f5 31. Rc1 Re6 32. Rcc2 Qe7 33. g3 Nf6 34. Re1
Qb4 35. Rce2 Ne4 36. Kg2 Nd2 37. Qf2 Ne4 38. Qf3 Nc3 39. Nxc3 Qxc3 40. h3 Qd3
41. Kf2 Qe4 42. g4 Qxf3+ 43. Kxf3 hxg4+ 44. hxg4 fxg4+ 45. Kxg4 b6 46. Kf3 Kf6
47. e4 dxe4+ 48. Rxe4 Rxe4 49. Rxe4 Rxe4 50. Kxe4 Ke6 51. a3 Kd6 52. a4 a6 53.
b4 c5 54. dxc5+ bxc5 55. bxc5+ Kxc5 56. Ke5 Kb4 57. Kf6 Kxa4 58. Kxg6 Kb3 59.
f5 a5 60. f6 a4 61. f7 a3 62. f8=Q a2 1-0

[Event "Open BDR Salon"]
[Site "?"]
[Date "2005.01.29"]
[Round "4"]
[White "Brunie, Luce"]
[Black "Guillaume, Jean-Tristan"]
[Result "0-1"]
[WhiteElo "1340"]
[BlackElo "1199"]
[PlyCount "112"]
[EventDate "2005.04.02"]
[SourceDate "2005.04.02"]

1. e4 e5 2. f4 exf4 3. Nf3 d6 4. Bc4 Nf6 5. Nc3 Bg4 6. O-O Nc6 7. d4 Be7 8.
Bxf4 O-O 9. d5 Nb8 10. Qd2 a6 11. a3 Nbd7 12. e5 dxe5 13. Nxe5 Nxe5 14. Bxe5
Ne8 15. Rae1 Bd7 16. Ne4 Kh8 17. Re3 f5 18. Nf2 Bg5 19. Qb4 Rg8 20. Ree1 b5 21.
Ba2 Be7 22. Qd4 Bf6 23. d6 Bxe5 24. Qxe5 cxd6 25. Qd4 Rf8 26. Nd3 Qf6 27. Rf4
g5 28. Qxf6+ Nxf6 29. Rd4 Ne8 30. Re7 Rd8 31. Nb4 a5 32. Nd3 Bc6 33. Bd5 Bxd5
34. Rxd5 Rb8 35. Kf2 Kg8 36. Kf3 Rb6 37. Ke3 Nf6 38. Rxf5 Ng4+ 39. Ke4 d5+ 40.
Rxd5 Nf6+ 41. Ke5 Nxd5 42. Kxd5 Rd8+ 43. Ke4 Rdd6 44. Re5 Re6 45. Kf5 Rxe5+ 46.
Nxe5 h6 47. g4 Kg7 48. Ke4 Re6 49. Kd4 Re8 50. c3 Rd8+ 51. Ke4 Rd2 52. c4 bxc4
53. Nxc4 Rxh2 54. Kf5 a4 55. b3 axb3 56. a4 b2 0-1

[Event "Open BDR Salon"]
[Site "?"]
[Date "2005.01.29"]
[Round "4"]
[White "Humbert, Didier"]
[Black "Pilotto, David"]
[Result "1-0"]
[WhiteElo "1480"]
[BlackElo "1890"]
[PlyCount "75"]
[EventDate "2005.04.02"]
[SourceDate "2005.04.02"]

1. d4 Nf6 2. Bg5 d6 3. Bxf6 exf6 4. e3 Bd7 5. Bd3 g6 6. c3 Bg7 7. e4 O-O 8. Ne2
Nc6 9. Nd2 Ne7 10. Ng3 c6 11. O-O d5 12. Re1 dxe4 13. Ngxe4 f5 14. Nc5 b6 15.
Nxd7 Qxd7 16. Nf3 Rfe8 17. Ne5 Qd6 18. Qb3 Nd5 19. Nc4 Qc7 20. Rad1 Nf4 21. Re3
Rxe3 22. Nxe3 Re8 23. g3 Nh3+ 24. Kg2 Ng5 25. h4 Ne6 26. d5 Nc5 27. Qc4 f4 28.
gxf4 Nxd3 29. Rxd3 Rd8 30. Rd1 c5 31. Kf3 Qd7 32. Rh1 Bf8 33. a4 Bd6 34. Qd3
Qxa4 35. c4 Qd7 36. Ng4 Qe7 37. Qc3 f5 38. Nh6+ 1-0

[Event "Open BDR Salon"]
[Site "?"]
[Date "2005.02.26"]
[Round "5"]
[White "Terrien, Claude"]
[Black "Navarro, Bertrand"]
[Result "1-0"]
[WhiteElo "1650"]
[BlackElo "1499"]
[PlyCount "180"]
[EventDate "2005.04.02"]
[SourceDate "2005.04.02"]

1. d4 Nf6 2. c4 g6 3. Nc3 Bg7 4. e4 d6 5. f3 O-O 6. Be3 c6 7. Nge2 e5 8. d5 c5
9. Qd2 Re8 10. g4 Nbd7 11. Ng3 Nf8 12. h4 Bxg4 13. fxg4 Nxg4 14. Be2 Nxe3 15.
Qxe3 Qf6 16. O-O-O Qf4 17. Nf1 Bh6 18. Qxf4 exf4 19. Kc2 Nd7 20. Nd2 Nf6 21.
Bf3 a6 22. Rde1 Nd7 23. Rhf1 Ne5 24. b3 f6 25. Rg1 Kf7 26. Ref1 Rg8 27. Bg4
Nxg4 28. Rxg4 g5 29. h5 Rab8 30. Rb1 Bf8 31. b4 cxb4 32. Rxb4 Be7 33. Rb3 Rgc8
34. Rg1 Bd8 35. Rgb1 b6 36. Kd3 Rb7 37. Na4 Rcb8 38. Nf3 b5 39. cxb5 Rxb5 40.
Nd4 Rxb3+ 41. Nxb3 Kg7 42. Ke2 Rb4 43. Nc3 a5 44. a3 Rb7 45. Nd2 Rxb1 46. Ncxb1
Kh6 47. Kf3 Kxh5 48. Nf1 Kg6 49. a4 Bc7 50. Nc3 f5 51. Nb5 51... g4+ $4 52.
Kxf4 Bb8 53. exf5+ Kf6 54. Ng3 h6 55. Kxg4 Ke5 56. Nc3 Ba7 57. Nge4 Bd4 58. f6
Bxc3 59. f7 Kxe4 60. f8=Q Kxd5 61. Qf5+ Be5 62. Qf3+ Kc5 63. Kh5 Kb4 64. Qe4+
Ka3 65. Kxh6 Kb3 66. Kg6 Bc3 67. Qd3 d5 68. Qd1+ Kb4 69. Qxd5 Kxa4 70. Qc4+ Bb4
71. Kf5 Ka3 72. Ke4 a4 73. Kd3 Be7 74. Qc3+ Ka2 75. Qc4+ Ka3 76. Kc2 Bf6 77.
Qc5+ Ka2 78. Qb5 Ka3 79. Kb1 Bg7 80. Qd3+ Kb4 81. Ka2 Bf8 82. Qd4+ Kb5 83. Qb2+
Ka5 84. Qd2+ Kb5 85. Qd5+ Ka6 86. Qc6+ Ka7 87. Qb5 a3 88. Kb3 Ka8 89. Kc4 Ka7
90. Kd5 Be7 1-0

[Event "Open BDR Salon"]
[Site "?"]
[Date "2005.02.26"]
[Round "5"]
[White "Guillaume, Jean-Tristan"]
[Black "Humbert, Didier"]
[Result "1/2-1/2"]
[WhiteElo "1199"]
[BlackElo "1480"]
[PlyCount "87"]
[EventDate "2005.04.02"]
[SourceDate "2005.04.02"]

1. d4 c5 2. Nf3 Nf6 3. Bg5 Qa5+ 4. Bd2 Qb6 5. dxc5 Qxc5 6. Nc3 g6 7. e3 Bg7 8.
Bd3 d6 9. Qe2 a6 10. Rb1 b5 11. a3 Bb7 12. e4 Qc8 13. O-O Nbd7 14. Rfe1 O-O 15.
a4 bxa4 16. Nxa4 Re8 17. Rec1 Bc6 18. Nc3 Nc5 19. b4 Ne6 20. Bc4 Nh5 21. Nd5
Bxd5 22. Bxd5 Nef4 23. Bxf4 Nxf4 24. Qd1 Qg4 25. Ne1 Qxd1 26. Rxd1 Rab8 27. Kf1
Bc3 28. g3 Nxd5 29. Rxd5 Rxb4 30. Rxb4 Bxb4 31. Nd3 Bc3 32. Nc1 Rb8 33. Nb3 Rb4
34. Rd3 Bf6 35. f3 Ra4 36. Ke2 Ra2 37. Kd1 a5 38. Kc1 Ra3 39. Rd5 a4 40. Ra5
Bc3 41. Ra8+ Kg7 42. Rc8 Bf6 43. Ra8 h6 44. h3 1/2-1/2

[Event "Open BDR Salon"]
[Site "?"]
[Date "2005.02.26"]
[Round "5"]
[White "Frailinu, Jean-Bernard"]
[Black "Blondelon, Claude"]
[Result "0-1"]
[WhiteElo "1490"]
[BlackElo "1420"]
[PlyCount "100"]
[EventDate "2005.04.02"]
[SourceDate "2005.04.02"]

1. c4 c5 2. Nc3 Nf6 3. g3 g6 4. Bg2 Bg7 5. Nf3 e6 6. d4 cxd4 7. Nxd4 O-O 8.
Ndb5 Nc6 9. Nd6 Qb6 10. O-O Ne8 11. Nxc8 Rxc8 12. Qb3 Qa6 13. Be3 Na5 14. Qc2
Nxc4 15. Bc1 d5 16. e3 Ned6 17. Rd1 Qa5 18. Rd3 Qd8 19. Rd1 Qe7 20. Rb1 b6 21.
Qe2 Rfd8 22. Na4 Qe8 23. b3 Ne5 24. Bb2 Rc7 25. Ba1 Rdc8 26. Kh1 Rc2 27. Rd2
R2c6 28. Rbd1 Rc1 29. h3 Rxd1+ 30. Qxd1 Qc6 31. Nc3 Qc7 32. Ne2 f5 33. f4 Nef7
34. Bxg7 Kxg7 35. Qa1+ Kf8 36. Nd4 Qc1+ 37. Qxc1 Rxc1+ 38. Kh2 Ke7 39. g4 fxg4
40. hxg4 Rc3 41. Re2 Nd8 42. Kg3 N6f7 43. Kf3 Rc5 44. Bh3 e5 45. Nc2 Kd6 46.
Rd2 exf4 47. exf4 Ne6 48. Bg2 Rxc2 49. Rxc2 Nd4+ 50. Ke3 Nxc2+ 0-1

[Event "Open BDR Salon"]
[Site "?"]
[Date "2005.02.26"]
[Round "5"]
[White "Fedeli, Rene"]
[Black "Brunie, Luce"]
[Result "1-0"]
[WhiteElo "1680"]
[BlackElo "1340"]
[PlyCount "39"]
[EventDate "2005.04.02"]
[SourceDate "2005.04.02"]

1. e4 e6 2. d4 d5 3. Nd2 Nf6 4. e5 Nfd7 5. f4 c5 6. c3 cxd4 7. cxd4 Bb4 8. Ngf3
Nc6 9. a3 Bxd2+ 10. Bxd2 Qb6 11. Bc3 O-O 12. Bd3 f6 13. O-O fxe5 14. fxe5 Qd8
15. Qc1 Nb6 16. Qc2 Nc4 17. Bxh7+ Kh8 18. Qg6 Ne3 19. Qh5 Nxf1 20. Bg6+ 1-0

[Event "Open BDR Salon"]
[Site "?"]
[Date "2005.02.26"]
[Round "5"]
[White "Nari, Damien"]
[Black "Pierobon, Jonathan"]
[Result "1-0"]
[WhiteElo "1650"]
[BlackElo "1199"]
[PlyCount "33"]
[EventDate "2005.04.02"]
[SourceDate "2005.04.02"]

1. e4 e5 2. Nc3 d6 3. Bc4 Ne7 4. d3 Nbc6 5. f4 f5 6. exf5 Bxf5 7. g4 Bd7 8. f5
Ng8 9. h4 h6 10. Be3 Be7 11. Nf3 Bf6 12. Qd2 h5 13. gxh5 Bxf5 14. Ng5 Bxg5 15.
hxg5 Nd4 16. Qf2 Bg4 17. Qf7# 1-0

[Event "Open BDR Salon"]
[Site "?"]
[Date "2005.02.26"]
[Round "5"]
[White "Pilotto, David"]
[Black "Barabe, Etienne"]
[Result "1-0"]
[WhiteElo "1890"]
[BlackElo "1199"]
[PlyCount "53"]
[EventDate "2005.04.02"]
[SourceDate "2005.04.02"]

1. c4 c5 2. Nc3 Nf6 3. Nf3 Nc6 4. g3 d6 5. Bg2 e5 6. d3 Be6 7. Ng5 d5 8. Nxe6
fxe6 9. O-O d4 10. Ne4 h5 11. Bg5 Be7 12. Bxf6 Bxf6 13. Nxc5 Qe7 14. Ne4 g5 15.
Qa4 Kd7 16. c5 a6 17. Nd6 b5 18. Qc2 Qh7 19. Qb3 Qg8 20. a4 Rb8 21. axb5 axb5
22. Bxc6+ Kxc6 23. Ra6+ Kc7 24. Ra7+ Kc6 25. Qa3 Bd8 26. Qa6+ Bb6 27. Qxb5+ 1-0

[Event "Open BDR Salon"]
[Site "?"]
[Date "2005.02.26"]
[Round "5"]
[White "Chazeau, Laineur-Lothaire"]
[Black "Paolillo, Jeremy"]
[Result "1-0"]
[WhiteElo "1560"]
[BlackElo "1199"]
[PlyCount "23"]
[EventDate "2005.04.02"]
[SourceDate "2005.04.02"]

1. e4 e5 2. Nf3 d6 3. Nc3 Nc6 4. d4 exd4 5. Nxd4 Nxd4 6. Qxd4 c5 7. Qa4+ Bd7 8.
Bb5 Bxb5 9. Nxb5 Ke7 10. Nc3 Nf6 11. Bg5 g6 12. Nd5+ 1-0

[Event "Open BDR Salon"]
[Site "?"]
[Date "2005.02.26"]
[Round "5"]
[White "Dufresne, Ali"]
[Black "Dufresne, Said"]
[Result "0-1"]
[WhiteElo "1499"]
[BlackElo "1499"]
[PlyCount "60"]
[EventDate "2005.04.02"]
[SourceDate "2005.04.02"]

1. e4 e6 2. Nc3 d5 3. d4 c5 4. Be3 cxd4 5. Bxd4 Nc6 6. Bb5 a6 7. Be2 dxe4 8.
Nxe4 Qxd4 9. Bd3 Nf6 10. c3 Qd5 11. Qf3 Nxe4 12. Bxe4 Qe5 13. Rd1 f5 14. Qe3
Qxe4 15. Qxe4 fxe4 16. Ne2 Be7 17. O-O O-O 18. Ng3 Rf4 19. Nh5 Rh4 20. Ng3 Ne5
21. Rfe1 Nd3 22. Re2 Nf4 23. Rxe4 b5 24. Nf5 Nh3+ 25. gxh3 Rxe4 26. Nxe7+ Kf7
27. Nxc8 Rxc8 28. Rd7+ Kf6 29. Rd4 Rxd4 30. cxd4 Rc2 0-1

[Event "Open BDR Salon"]
[Site "?"]
[Date "2005.02.26"]
[Round "5"]
[White "Santana, Paul"]
[Black "Guyard, Gerard"]
[Result "0-1"]
[WhiteElo "1499"]
[BlackElo "1340"]
[PlyCount "90"]
[EventDate "2005.04.02"]
[SourceDate "2005.04.02"]

1. d4 Nf6 2. Nf3 g6 3. b3 Bg7 4. Bb2 d5 5. e3 O-O 6. Nc3 Bg4 7. Be2 Nbd7 8. O-O
c5 9. Ne5 Bxe2 10. Nxe2 Ne4 11. Nxd7 Qxd7 12. f3 Nf6 13. c3 Rac8 14. Rc1 Bh6
15. Rc2 Bxe3+ 16. Kh1 Bh6 17. Ba3 b6 18. b4 Qa4 19. Bc1 Bg7 20. a3 Ne8 21. Rd2
Qc6 22. a4 a6 23. Qb3 c4 24. Qa2 Nd6 25. Rb2 b5 26. a5 Nf5 27. Re1 Qe6 28. Qb1
Nxd4 29. Bg5 Qe5 30. f4 Qe3 31. Nxd4 Qxc3 32. Rbe2 Qxd4 33. Bxe7 Rfe8 34. Rf1
c3 35. Bc5 Qc4 36. Rxe8+ Rxe8 37. Re1 Rxe1+ 38. Qxe1 Qe4 39. Qh4 Qb1+ 40. Bg1
c2 41. Qd8+ Bf8 42. h3 c1=Q 43. Kh2 Qxg1+ 44. Kg3 Qbe1+ 45. Kg4 Qxg2# 0-1

[Event "Open BDR Salon"]
[Site "?"]
[Date "2005.03.05"]
[Round "6"]
[White "Blondelon, Claude"]
[Black "Fedeli, Rene"]
[Result "1-0"]
[WhiteElo "1420"]
[BlackElo "1680"]
[PlyCount "55"]
[EventDate "2005.04.02"]
[SourceDate "2005.04.02"]

1. d4 Nf6 2. Nf3 d5 3. c3 Bf5 4. e3 h6 5. Bd3 Ne4 6. O-O Nd7 7. Nbd2 Nxf2 8.
Rxf2 Bxd3 9. Qb3 Nb6 10. Ne5 Bc4 11. Ndxc4 dxc4 12. Nxc4 Qd5 13. Nxb6 Qxb3 14.
axb3 cxb6 15. Bd2 e6 16. Raf1 f6 17. b4 Rc8 18. e4 Bd6 19. Kh1 e5 20. dxe5 Bxe5
21. Bf4 Rc4 22. Bxe5 fxe5 23. Rf7 Rxe4 24. Rxb7 Rh7 25. Rxa7 Re2 26. h3 Rxb2
27. Rff7 Rc2 28. Rfb7 1-0

[Event "Open BDR Salon"]
[Site "?"]
[Date "2005.03.05"]
[Round "6"]
[White "Barabe, Etienne"]
[Black "Misene, Milan"]
[Result "0-1"]
[WhiteElo "1199"]
[BlackElo "1499"]
[PlyCount "30"]
[EventDate "2005.04.02"]
[SourceDate "2005.04.02"]

1. e4 e5 2. Nf3 Nc6 3. d4 exd4 4. Bc4 Nf6 5. Ng5 Ne5 6. Qxd4 d6 7. Bb3 h6 8. f4
c5 9. Qxe5+ dxe5 10. Nxf7 Qd4 11. Nxh8 Nxe4 12. Bf7+ Ke7 13. Rf1 Bg4 14. Bd2
Nxd2 15. Nxd2 Qe3# 0-1

[Event "Open BDR Salon"]
[Site "?"]
[Date "2005.03.05"]
[Round "6"]
[White "Nerino, Nicolas"]
[Black "Pilotto, David"]
[Result "0-1"]
[WhiteElo "1360"]
[BlackElo "1890"]
[PlyCount "80"]
[EventDate "2005.04.02"]
[SourceDate "2005.04.02"]

1. e4 d6 2. d4 Nf6 3. Nc3 g6 4. Bc4 Bg7 5. Nge2 Nc6 6. Be3 Ng4 7. Qd3 Nb4 8.
Qd2 Nxe3 9. fxe3 Nc6 10. O-O O-O 11. Rf2 Na5 12. Bd3 e5 13. Raf1 Be6 14. d5 Bd7
15. b4 c5 16. bxa5 Qxa5 17. Qe1 b5 18. Nc1 Bh6 19. Nb3 Qb6 20. Kh1 c4 21. Rf3
cxd3 22. cxd3 a5 23. Qf2 f5 24. exf5 Bxf5 25. Qg3 Bxd3 26. Rxf8+ Rxf8 27. Rxf8+
Kxf8 28. e4 Bc4 29. Na1 Qd4 30. Nc2 Qd2 31. Ne1 Bf4 32. Qh4 Bg5 33. Qg3 b4 34.
Nb1 Qe2 35. Qf3+ Qxf3 36. Nxf3 Bh6 37. a3 Bd3 38. axb4 axb4 39. Nbd2 Kf7 40.
Nb3 Bxe4 0-1

[Event "Open BDR Salon"]
[Site "?"]
[Date "2005.03.05"]
[Round "6"]
[White "Terrien, Claude"]
[Black "Bizien, Matthieu"]
[Result "0-1"]
[WhiteElo "1650"]
[BlackElo "1833"]
[PlyCount "66"]
[EventDate "2005.04.02"]
[SourceDate "2005.04.02"]

1. d4 Nf6 2. c4 c5 3. d5 e6 4. Nc3 exd5 5. cxd5 g6 6. e4 d6 7. f3 Bg7 8. Be3
O-O 9. Qd2 a6 10. a4 Ne8 11. Nge2 f5 12. Bh6 Qh4+ 13. g3 Qxh6 14. Qxh6 Bxh6 15.
f4 fxe4 16. Nxe4 Bf5 17. Bg2 Nd7 18. O-O Bxe4 19. Bxe4 Ndf6 20. Nc3 Nxe4 21.
Nxe4 Rd8 22. Rae1 Nf6 23. Nc3 Rfe8 24. Kg2 Bg7 25. Kf3 Kf7 26. g4 Rxe1 27. Rxe1
Re8 28. Rxe8 Nxe8 29. h4 Bxc3 30. bxc3 b5 31. axb5 axb5 32. Ke3 Nf6 33. g5
Nxd5+ 0-1